Pet Cats
| Main Author: | |
|---|---|
| Format: | Book |
| Published: |
USA :
Weekly Reader Books ,
2007
|
| Series: | Siri Pet pals
|
| Subjects: |
MARC
| LEADER | 00000cam a2200000 7i4500 | ||
|---|---|---|---|
| 001 | 0000057407 | ||
| 005 | 20151223.0 | ||
| 008 | 151223 | ||
| 020 | |a 0836867769 | ||
| 020 | |a 9780836867763 | ||
| 090 | 0 | 0 | |a 636.8 |b BAR |
| 100 | 1 | |a Barnes, Julia | |
| 245 | 1 | 0 | |a Pet Cats |c Julia Barnes |
| 260 | |a USA : |b Weekly Reader Books , |c 2007 | ||
| 300 | |a 29 pg : |b (i)bw & col | ||
| 440 | |a Siri Pet pals | ||
| 500 | |a Includes Glossary & Index 30-32 pg | ||
| 650 | 0 | |a Cats |x Juvenile literature | |
| 999 | |a 0001072232 |b Book |c Children Collection |e Cawangan Taman Universiti | ||